José Saramago Bibliography - Statistics

General Stats
  • This quiz has been taken 7 times
  • The average score is 7 of 36
Answer Stats
Type Year Name % Correct
Novel 1995 Blindness
100%
Novel 2004 Seeing
71%
Novel 1991 The Gospel According to Jesus Christ
71%
Novel 1984 The Year of the Death of Ricardo Reis
71%
Novel 2002 The Double
57%
Novel 2008 The Elephant's Journey
57%
Novel 1986 The Stone Raft
57%
Novel 1997 All the Names
43%
Novel 1982 Baltasar and Blimunda
43%
Novel 2005 Death with Interruptions
43%
Novel 1989 The History of the Siege of Lisbon
29%
Novel 2009 Cain
14%
Travelogue 1981 Journey to Portugal: In Pursuit of Portugal's History and Culture
14%
Novel 1977 Manual of Painting and Calligraphy
14%
Autobiography 2006 Small Memories
14%
Novel 1976 The Notes
14%
Children's Book 2001 Children's Picture Book
0%
Short Story 1978 Embargo
0%
Play 1993 In Nomine Dei
0%
Novel 1947 Land of Sin
0%
Novel 1974 Opinions That DL Had
0%
Poetry Collection 1966 Possible Poems
0%
Poetry Collection 1970 Probably Joy
0%
Novel 1980 Raised from the Ground
0%
Short Story 1978 Reflux
0%
Short Story 1978 Revenge
0%
Novel 2011 Skylight
0%
Novel 2000 The Cave
0%
Short Story 1978 The Centaur
0%
Short Story 1978 The Chair
0%
Short Story Collection 1978 The Lives of Things
0%
Short Story 1997 The Tale of the Unknown Island
0%
Article Collection 1973 The Traveller's Baggage
0%
Poetry Collection 1975 The Year of 1993
0%
Short Story 1978 Things
0%
Novel 1971 This World and the Other
0%
No matching quizzes found
Score Distribution
Percent of People with Each Score
Percentile by Number Answered
Your Score History
You have not taken this quiz